00000000nam##2200000za#4500
0019.681643
003CaOODSP
00520210615132451
007ta
008150407|2001||||xxc|||||     f|0| 0 fre|d
020 |a0-662-86298-8
040 |aCaOODSP|bfre
043 |an-cn---
0861 |aH21-183/2001F
1101 |aCanada.|bSanté Canada. |bDirection générale de la politique de la santé et des communications.
24510|aEntente fédérale-provinciale-territoriale sur le développement de la petite enfance : |brapport sur les activités et dépenses du gouvernement du Canada pour 2000-2001
260 |aOttawa - Ontario : |bSanté Canada. |c2001.
300 |a62p. : |btableaux ; |c28 cm.
500 |aCe rapport est co-publié par Santé Canada, Développement des ressources humaines Canada, et Affaires indiennes et du Nord Canada.
563 |aCouverture souple
590 |a01-48|b2001-11-30
69107|aAccord fédéral-provincial|2gcpds
69107|aAccord fédéral-territorial|2gcpds
69107|aEnfance|2gcpds
69107|aDéveloppement de l'enfant|2gcpds
77508|tFederal/Provincial/Territorial Early Childhood Development Agreement : |w(CaOODSP)9.648346
7760#|tEntente fédérale-provinciale-territoriale sur le développement de la petite enfance |w(CaOODSP)9.640470